<?xml version="1.0" encoding="UTF-8"?><?xml-stylesheet type="text/xsl" href="static/style.xsl"?><OAI-PMH xmlns="http://www.openarchives.org/OAI/2.0/" xmlns:xsi="http://www.w3.org/2001/XMLSchema-instance" xsi:schemaLocation="http://www.openarchives.org/OAI/2.0/ http://www.openarchives.org/OAI/2.0/OAI-PMH.xsd"><responseDate>2026-04-17T03:13:34Z</responseDate><request verb="GetRecord" identifier="oai:www.recercat.cat:10459.1/47976" metadataPrefix="marc">https://recercat.cat/oai/request</request><GetRecord><record><header><identifier>oai:recercat.cat:10459.1/47976</identifier><datestamp>2024-12-05T21:36:19Z</datestamp><setSpec>com_2072_3622</setSpec><setSpec>col_2072_479130</setSpec></header><metadata><record xmlns="http://www.loc.gov/MARC21/slim" xmlns:dcterms="http://purl.org/dc/terms/" xmlns:xsi="http://www.w3.org/2001/XMLSchema-instance" xmlns:doc="http://www.lyncode.com/xoai" xsi:schemaLocation="http://www.loc.gov/MARC21/slim http://www.loc.gov/standards/marcxml/schema/MARC21slim.xsd">
   <leader>00925njm 22002777a 4500</leader>
   <datafield ind2=" " ind1=" " tag="042">
      <subfield code="a">dc</subfield>
   </datafield>
   <datafield ind2=" " ind1=" " tag="720">
      <subfield code="a">Prat Ambrós, Queralt</subfield>
      <subfield code="e">author</subfield>
   </datafield>
   <datafield ind2=" " ind1=" " tag="720">
      <subfield code="a">Camerino Foguet, Oleguer</subfield>
      <subfield code="e">author</subfield>
   </datafield>
   <datafield ind2=" " ind1=" " tag="720">
      <subfield code="a">Coiduras Rodríguez, Jordi L.</subfield>
      <subfield code="e">author</subfield>
   </datafield>
   <datafield ind2=" " ind1=" " tag="260">
      <subfield code="c">2015-02-17T13:05:59Z</subfield>
   </datafield>
   <datafield ind2=" " ind1=" " tag="260">
      <subfield code="c">2015-02-17T13:05:59Z</subfield>
   </datafield>
   <datafield ind2=" " ind1=" " tag="260">
      <subfield code="c">2013</subfield>
   </datafield>
   <datafield ind2=" " ind1=" " tag="260">
      <subfield code="c">2015-02-17T13:06:00Z</subfield>
   </datafield>
   <datafield ind2=" " ind1=" " tag="520">
      <subfield code="a">La incorporació de les tecnologies de la informació i la comunicació (TIC) i els seus recursos digitals als centres escolars està propiciant un aprenentatge autònom que combina la presencialitat de l"aula amb activitats semipresencials a internet. Com es fa realitat això en l"educació física? En aquest article descrivim l"ús que fa el professorat d"educació física de la ciutat de Lleida de les tecnologies per a l"aprenentatge i el coneixement (TAC) en els centres d"educació secundària que tenen implantat el projecte EduCAT 2.0. L"estudi permet acostar-nos als propòsits del professorat d"educació física sobre la incorporació de les TIC en la seva pràctica professional i, en particular, en la seva explotació didàctica a les aules (TAC). Els resultats ens permeten determinar els motius que expliquen les dificultats trobades pels professionals en l"ús d"aquestes eines digitals i les causes per les quals no s"introdueixen actualment en la docència de l"educació física.</subfield>
   </datafield>
   <datafield ind2=" " ind1=" " tag="520">
      <subfield code="a">The integration of information and communication technology (ICT) and digital resources in schools is promoting&#xd;
independent learning that combines classroom methods with semi face-to-face internet activities. How is this done in physical&#xd;
education? In this paper we describe how physical education teachers in Lleida use learning and knowledge technology (LKT)&#xd;
in secondary schools which are in the EduCAT 2.0 project. The study examines the goals of physical education teachers in&#xd;
the integration of ICT in their professional practice and in particular in their use of it in their classroom teaching (LKT). Our&#xd;
findings reveal the reasons for the difficulties encountered by teachers in using these digital tools and the grounds why they&#xd;
are not currently introduced into physical education teaching.</subfield>
   </datafield>
   <datafield ind1="8" ind2=" " tag="024">
      <subfield code="a">http://hdl.handle.net/10459.1/47976</subfield>
   </datafield>
   <datafield tag="653" ind2=" " ind1=" ">
      <subfield code="a">TIC</subfield>
   </datafield>
   <datafield tag="653" ind2=" " ind1=" ">
      <subfield code="a">Tecnologies per a l'Aprenentatge i el Coneixement</subfield>
   </datafield>
   <datafield tag="653" ind2=" " ind1=" ">
      <subfield code="a">Innovació docent</subfield>
   </datafield>
   <datafield tag="653" ind2=" " ind1=" ">
      <subfield code="a">Tecnologia de la informació</subfield>
   </datafield>
   <datafield tag="653" ind2=" " ind1=" ">
      <subfield code="a">Innovacions tecnològiques</subfield>
   </datafield>
   <datafield tag="653" ind2=" " ind1=" ">
      <subfield code="a">Technological innovations</subfield>
   </datafield>
   <datafield ind2="0" ind1="0" tag="245">
      <subfield code="a">Introducció de les TIC en educació física. Estudi descriptiu sobre la situació actual.</subfield>
   </datafield>
</record></metadata></record></GetRecord></OAI-PMH>